Statistiques concernant Muscles Thorax / Épaules

Cliquez ici pour prendre le quiz!

Statistiques générales

  • Ce quiz a été pris 98 fois
  • Le résultat moyen est 8 sur 16

Statistiques - réponses

Réponse% Correct
Grand Pectoral
90%
Deltoïde
83%
Trapèze
83%
Grand Dorsal
71%
Petit pectoral
71%
Dentelé antérieur
52%
Grand rond
50%
Petit rond
45%
Subclavier
45%
Infra-épineux
40%
Supra-épineux
40%
Petit rhomboïde
38%
Subscapulaire
38%
Élévateur de la scapula
36%
Grand rhomboïde
36%
Coraco-brachial
26%

Distribution des résultats

Percentile par nombre de réponses

% des personnes avec chaque résultat

Votre développement - résultats

Vous n’avez pas pris ce quiz